| 000 | 02255nam0a2200397 4500 | ||
|---|---|---|---|
| 001 | RU\NLR\bibl\1418101 | ||
| 005 | 20260407091203.0 | ||
| 010 |
_a978-5-89966-877-7 _9500 |
||
| 021 |
_aRU _b2009-57613 _93554 |
||
| 035 | _a(nilc)RSL-KNO-004357009 | ||
| 035 | _a(NLR Aleph) 001410055 | ||
| 090 |
_a1276706 _c1276706 |
||
| 100 | _a20090709d2009 |||y0rusy50 ca | ||
| 101 | 0 | _arus | |
| 102 | _aRU | ||
| 105 | _ay zzzz||||| | ||
| 200 | 1 |
_aНовации и инновации в образовании _eмонография _f[Горбунов А.П., Давыдов Ю.С., Федорченко Е.Н. и др. _gредкол.: Давыдов Ю.С. и др.] _gФедеральное агентство по образованию, Гос. образовательное учреждение высш. проф. образования Пятигорский гос. лингвистический ун-т" |
|
| 210 |
_aПятигорск _cПГЛУ _d2009 |
||
| 215 |
_a195 с. _cтабл. _d21 |
||
| 300 | _aАвт. указаны в содерж. | ||
| 320 | _aБиблиогр. в конце ст. | ||
| 606 | 1 |
_aИнновации педагогические _jСборники _92078601 _3RU\NLR\auth\661254463 |
|
| 686 |
_aЧ481,6(2)2,0 _2rubbk |
||
| 686 |
_aЧ491,6(2)3,0 _2rubbk |
||
| 686 | _aЧ312я43 | ||
| 701 | 1 |
_4070 _8rus _7ca _aГорбунов _bА. П. _cканд. ист. наук _gАлександр Павлович _f1959- _3RU\NLR\auth\7771588 _954516 |
|
| 701 | 1 |
_4070 _8rus _7ca _aДавыдов _bЮ. С. _f1937- _cд-р экон. наук, политолог _gЮрий Степанович _3RU\NLR\auth\7735782 _918778 |
|
| 701 | 1 |
_4070 _8rus _7ca _aФедорченко _bЕ. Н. _f1966- _gЕвгений Николаевич _3RU\NLR\auth\77103216 _986142 |
|
| 702 | 1 |
_4340 _8rus _7ca _aДавыдов _bЮ. С. _f1937- _cд-р экон. наук, политолог _gЮрий Степанович _3RU\NLR\auth\7735782 _918778 |
|
| 712 | 0 | 2 |
_4570 _aПятигорский государственный лингвистический университет _3RU\NLR\AUTH\8815781 _9304695 |
| 801 | 0 |
_aRU _bРКП _c20090709 _grcr |
|
| 801 | 1 |
_aRU _bРГБ _c20090709 |
|
| 801 | 2 |
_aRU _bNLR _c20090930 _grcr |
|
| 942 | _cBOOK | ||
| 980 | _aNB | ||